Famous TV Couples II Quiz Stats

Quiz Updated Oct 8, 2015

Also try: Famous TV Couples
Challenge
Share
Tweet
Score 0/26 Timer 05:00
3 Plays Today
% Correct
Homer Simpson
97.3%
Ross Geller
93.6%
Fox Mulder
86.2%
Sheldon Cooper
79.4%
Walter White
77.4%
Angel
77.1%
Khal Drogo
71.9%
Marshall Eriksen
65.3%
Kelly Kapowski
63%
Jackie Burkhart
62.8%
Kevin Arnold
62.4%
Jeannie
61.5%
Angela Martin
57.8%
% Correct
Jesse Katsopolis
56.9%
Lorelei Gilmore
52.5%
Leslie Knope
52.3%
Pacey Witter
45.5%
Blair Waldorf
43.9%
Charlie Harper
43.2%
Tony Micelli
41.5%
Liz Lemon
39.1%
Jeff Winger
34.2%
Damon Salvatore
27.6%
Glenn Rhee
23.9%
Ned 'The Pie Maker'
20.3%
Grayson Ellis
14.6%

You're not logged in!

Compare scores with friends on all Sporcle quizzes.
Sign Up with Email
OR
Log In

You Might Also Like...

Show Comments

Extras

Top Quizzes Today


Score Distribution

Your Account Isn't Verified!

In order to create a playlist on Sporcle, you need to verify the email address you used during registration. Go to your Sporcle Settings to finish the process.